=LDR 00000nam 2200000 4500 =001 INLIS000000000042247 =005 20131008015031 =008 ***********************************Ind** =035 ##$$0010-101300000000169 =041 ##$$a Ind =090 ##$$a 378.189, Rai p.2 =100 ##$$a Raillon, Francois =245 ##$$a Poltik dan Ideologi Mahasiswa Indonesia =260 ##$$a 1985 $b Jakarta =300 ##$$a 361 hlm, 21 cm =850 ##$$a NBPNMAT